| 000 | 00952cab a2200193 4500 | ||
|---|---|---|---|
| 001 | ##L133873 | ||
| 008 | 060614n2006 000 0 eng u | ||
| 035 | _a(Sirsi) u133873 | ||
| 041 | 0 | _aeng | |
| 245 | 0 | 0 | _aHealthcare sector offers cure for falling returns |
| 260 | _c2006 | ||
| 490 | 0 |
_aEuroProperty _vJune 2006, 16(1) |
|
| 520 | _aReports on indications that healthcare property is starting to prove attractive to investors, compared with the poor yields currently obtaining in traditional asset classes. The long leases and strong government credit behind healthcare property are cited as plus points, though there is risk from the unpredictable nature of legislation. Considers that this could be a long-term trend. | ||
| 590 | _aIKA200606 | ||
| 651 | 4 | _aEUROPE | |
| 690 | _aPROPERTY-OTHER PROPERTY TYPES-HEALTHCARE AND WELFARE PROPERTY | ||
| 690 | _aPROPERTY-PROPERTY FINANCE AND INVESTMENT-PROPERTY INVESTMENT MANAGEMENT | ||
| 942 | _n0 | ||
| 999 |
_c77239 _d77239 |
||